Vista normal
Vista MARC
Entrada Personal Name
Número de registros utilizados en: 1
001 - CONTROL NUMBER
- control field: 29666
003 - CONTROL NUMBER IDENTIFIER
- control field: OSt
005 - DATE AND TIME OF LATEST TRANSACTION
- control field: 20230915231516.0
008 - FIXED-LENGTH DATA ELEMENTS
- fixed length control field: 230915|| aca||aabn | a|a d
040 ## - CATALOGING SOURCE
- Original cataloging agency: OSt
- Transcribing agency: OSt
100 ## - HEADING--PERSONAL NAME
- Personal name: Goldsby, Richard A.; Kindt, Thomas J.; Osborne, Barbara A
670 ## - SOURCE DATA FOUND
- Source citation: Work cat.: (OSt)29510: Goldsby, Richard A.; Kindt, Thomas J.; Osborne, Barbara A., Inmunología, 2004